书目信息 |
| 题名: |
网络商务处理系统
|
|
| 作者: | 姜旭平 著 | |
| 分册: | ||
| 出版信息: | 北京 人民邮电出版社 1999.12 |
|
| 页数: | 283页 | |
| 开本: | 16开 | |
| 丛书名: | ||
| 单 册: | ||
| 中图分类: | TP399 | |
| 科图分类: | ||
| 主题词: | 计算机应用 | |
| 电子资源: | ||
| ISBN: | 7-115-07699-5 | |
| 000 | 00550nam0 2200193 45 | |
| 001 | 0009282132 | |
| 005 | 20000928210913.3 | |
| 010 | @a7-115-07699-5@d28.00元 | |
| 100 | @a20000928d1999 km y0chiy0120 ea | |
| 101 | 0 | @achi |
| 105 | @a z 000yy | |
| 200 | 1 | @a网络商务处理系统@AWang Luo Shang Wu Chu Li Xi Tong@f姜旭平著@FJiang Xu Ping Zhu |
| 210 | @a北京@c人民邮电出版社@d1999.12 | |
| 215 | @a283页@d16开 | |
| 606 | 0 | @a计算机应用 |
| 690 | @aTP399@v3 | |
| 701 | 0 | @a姜旭平@4著 |
| 801 | @aCN@bPftUser@c20000928 | |
| 905 | @b158673-675@dTP399@eJ698@f3 | |
| 网络商务处理系统/姜旭平著.-北京:人民邮电出版社,1999.12 |
| 283页;16开 |
| ISBN 7-115-07699-5:28.00元 |
| ● |
| 相关链接 |
|
|
|
正题名:网络商务处理系统
索取号:TP399/J698
 
预约/预借
| 序号 | 登录号 | 条形码 | 馆藏地/架位号 | 状态 | 备注 |
| 1 | 158673 | 201586738 | 期刊室512/301自科库 136排1列2层/ [索取号:TP399/J698] | 在馆 | |
| 2 | 158674 | 201586747 | 自科二线504/504自科库 4排4列4层/ [索取号:TP399/J698] | 在馆 | |
| 3 | 158675 | 201586756 | 期刊室512/301自科库 136排1列2层/ [索取号:TP399/J698] | 在馆 |